Recruitment handbook (Record no. 3619)

MARC details
000 -LEADER
fixed length control field 00650nam a22001697a 4500
005 - DATE AND TIME OF LATEST TRANSACTION
control field 20090915142051.0
008 - FIXED-LENGTH DATA ELEMENTS--GENERAL INFORMATION
fixed length control field 090915t xxu||||| |||| 00| 0 eng d
080 ## - UNIVERSAL DECIMAL CLASSIFICATION NUMBER
Universal Decimal Classification number 658.311
Item number UNG
100 ## - MAIN ENTRY--PERSONAL NAME
Personal name Ungerson, Bernard [ed.]
Role ed.by
245 ## - TITLE STATEMENT
Title Recruitment handbook
250 ## - EDITION STATEMENT
Edition statement 2nd ed.
300 ## - PHYSICAL DESCRIPTION
Extent xxiii, 332p.
942 ## - ADDED ENTRY ELEMENTS (KOHA)
item type Reference
260 ## - PUBLICATION, DISTRIBUTION, ETC. (IMPRINT)
Place of publication, distribution, etc Essex
Name of publisher, distributor, etc Gower Press
Date of publication, distribution, etc 1975
500 ## - GENERAL NOTE
General note Pt.1 recruiting methods and test procedures. Pt.2. recruitment of particular categories of employees.<br/><br/>Bibliog. at the end of each chap
260 ## - PUBLICATION, DISTRIBUTION, ETC. (IMPRINT)
-- 4391
Holdings
Lost status Source of classification or shelving scheme Not for loan Home library Current library Date acquired Total Checkouts Full call number Barcode Date last seen Price effective from Koha item type
  Universal Decimal Classification   University Library University Library 15/09/2009   658.311 UNG 00006908 15/09/2009 15/09/2009 Reference
University Library, CUSAT